Szczegóły MARC21

Dystrybucja produktów na zasadzie wyłączności w Polsce i Unii Europejskiej : studium z prawa antymonopolowego /

005 -DATA I CZAS OSTATNIEJ MODYFIKACJI [,]
    • @
    • pole kontrolne
    • 20090831130524.0
020 -Międzynarod. znormalizowany nr książki - ISBN [ , ]
    • a
    • Numer ISBN
    • 9788389468557 Find
040 -Instytucja sporządzająca opis [ , ]
    • a
    • Instytucja, która sporządziła opis (NP)
    • SZCZ U/KLR
    • c
    • Instytucja, która sporządziła rekord (NP)
    • SZCZ U/KLR
    • d
    • Instytucja, która zmodyfikowała rekord (P)
    • SZCZ U/RJ
041 -Język dokumentu [0, ]
    • a
    • Język tekstu (P)
    • polski
044 -Kraj miejsca wydania [ , ]
    • a
    • Kraj miejsca wydania
    • Polska
942 -Rodzaj dokumentu [ , ]
    • c
    • Rodzaj dokumentu
    • Książka
100 -Hasło główne - nazwa osobowa [1, ]
    • a
    • Nazwa osobowa (NP)
    • Poździk, Rafał.
    • 9
    • KHW
    • 69116
245 -Strefa tytułu i oznaczenia odpowiedzialności [1,0]
    • a
    • Tytuł
    • Dystrybucja produktów na zasadzie wyłączności w Polsce i Unii Europejskiej : Find
    • b
    • Ciąg dalszy tytułu (NP)
    • studium z prawa antymonopolowego / Find
    • c
    • Pozostałe elementy strefy tytułu i oznaczenia odpowiedzialności (NP)
    • Rafał Poździk.
260 -Strefa adresu wydawniczego [ , ]
    • a
    • Miejsce wydania (P)
    • Lublin :
    • b
    • Nazwa wydawcy (P)
    • Oficyna Wydawnicza "Verba",
    • c
    • Data wydania (P)
    • 2006.
300 -Strefa opisu fizycznego [ , ]
    • a
    • Określenie formy książki i/lub objętość (NP)
    • 341 s. :
    • b
    • Oznaczenie ilustracji (NP)
    • wykr. ;
    • c
    • Format (NP)
    • 24 cm.
504 -Uwaga dot. bibliogr. załącznikowej [ , ]
    • a
    • Uwaga dot. bibliografii załącznikowej
    • Bibliogr.
080 -Uniwersalna Klasyfikacja Dziesiętna [ , ]
    • 2
    • Identyfikator wydania tablic
    • UDC-P058
    • a
    • Symbol klasyfikacji
    • 346.54
    • b
    • Dopowiedzenie
    • Przepisy dotyczące rynku i produkcji. Promocja biznesu. Postęp naukowo-techniczny. Jakość produkcji i usług. Gwarancje. Marketing. Konkurencja. Monopole. Prawo antymonopolowe. Ochrona konsumentów. Fuzje przedsiębiorstw.
    • x
    • Poddział wspólny
    • (438)
    • b
    • Dopowiedzenie
    • (Polska).
    • x
    • Poddział wspólny
    • (4-67).
    • b
    • Dopowiedzenie
    • (Kraje Unii Europejskiej).
080 -Uniwersalna Klasyfikacja Dziesiętna [ , ]
    • 2
    • Identyfikator wydania tablic
    • UDC-P058
    • a
    • Symbol klasyfikacji
    • 339.1
    • b
    • Dopowiedzenie
    • Handel i obrót towarowy (zagadnienia ogólne). Ekonomika handlu.
    • x
    • Poddział wspólny
    • (438)
    • b
    • Dopowiedzenie
    • (Polska).
    • x
    • Poddział wspólny
    • (4-67).
    • b
    • Dopowiedzenie
    • (Kraje Unii Europejskiej).
080 -Uniwersalna Klasyfikacja Dziesiętna [ , ]
    • 2
    • Identyfikator wydania tablic
    • UDC-P058
    • a
    • Symbol klasyfikacji
    • 341.6(094.8)
    • b
    • Dopowiedzenie
    • Orzecznictwo międzynarodowe.
980 -Symbol UKD [ , ]
    • a
    • UKD
    • 346.54:339.1](438:4-67):341.6(094.8)
920 -ISBN [ , ]
    • a
    • ISBN
    • 978-83-89468-55-7 Find
Numer inwentarzowy Status udost. Data inwentaryzacji Lokalizacja
T.10610-22009-07-03T